| 000 | 00493nam a22001817a 4500 | ||
|---|---|---|---|
| 003 | CEME | ||
| 005 | 20210628210132.0 | ||
| 008 | 210215b xxu||||| |||| 00| 0 eng d | ||
| 020 | _a81-7635-324-8 | ||
| 040 | _c. | ||
| 082 | _a005.3 TYL | ||
| 100 |
_aTyler, Denise _978240 |
||
| 245 | _aSams teach yourself microsoft frontpage 2000 in 21 days | ||
| 260 |
_aNEW DELHI _bTECHMEDIA _c1999 |
||
| 300 | _aXX,717P | ||
| 650 |
_aMICROSOFT FRONTPAGE 2000 FRONTPAGE 2000 _978241 |
||
| 942 |
_cBK _2ddc |
||
| 999 |
_c583393 _d583393 |
||